| Tag |
First Indicator |
Second Indicator |
Subfields |
| LEADER |
00000cam a2200000 4500 |
| 001 |
in00000094816 |
| 005 |
20150927110548.0 |
| 008 |
750724s1960 spa u |
| 010 |
|
|
|a 61021924
|
| 035 |
|
|
|a (OCoLC)01473243
|
| 035 |
|
|
|9 AAL6690AM
|
| 040 |
|
|
|c YSM
|d TXA
|d UtOrBLW
|
| 049 |
|
|
|a TXAM
|c [1147814]
|
| 050 |
0 |
0 |
|a TX360.P4
|b C6
|
| 100 |
1 |
|
|a Collazos Chiriboga, Carlos.
|
| 245 |
1 |
3 |
|a La alimentacion y el estado de nutriciin en el Peru /
|c [por] Carlos Collazos Chiriboga [and others] Ministerio de Salud Publica y Asistencia Social, Servico Interamericano Cooperativo de Salud Publica, Instituto de Nutriciin.
|
| 264 |
|
1 |
|a [Lima],
|b [publisher not identified] ;
|c [1960]
|
| 300 |
|
|
|a 343 :
|b illustrations ;
|c 25 cm.
|
| 336 |
|
|
|a text
|b txt
|2 rdacontent
|
| 337 |
|
|
|a unmediated
|b n
|2 rdamedia
|
| 338 |
|
|
|a volume
|b nc
|2 rdacarrier
|
| 500 |
|
|
|a Cover title.
|
| 500 |
|
|
|a "De los Anales de la Facultad de Medicina, t. XLIII, number1, marso l960."
|
| 504 |
|
|
|a Bibliography: pages 293-297.
|
| 650 |
|
0 |
|a Diet
|z Peru.
|
| 650 |
|
0 |
|a Food supply
|z Peru.
|
| 650 |
|
0 |
|a Nutrition.
|
| 710 |
1 |
|
|a Peru.
|b Instituto de Nutricion.
|
| 999 |
|
|
|a MARS
|
| 999 |
f |
f |
|s 3ef6fb6d-85b3-3bd2-8e54-a210d49546b1
|i 24b02605-a098-3eda-9e4f-733df4d868f4
|t 0
|
| 952 |
f |
f |
|p ric
|a Texas A&M University
|b Rellis Campus
|c Joint Library Facility
|d Remote Storage
|t 0
|e TX360.P4 C6
|h Library of Congress classification
|i unmediated -- volume
|m A14805672469
|
| 998 |
f |
f |
|a TX360.P4 C6
|t 0
|l Remote Storage
|